Irish historical studies joint journal of the Irish Historical Society and the Ulster Society for Irish Historical Studies.

Detalles Bibliográficos
Autores Corporativos: Irish Historical Society, Ulster Society for Irish Historical Studies
Formato: Electrónico Revista
Lenguaje:inglés
Publicado: Dublin : Hodges, Figgis & Co., 1938-
Materias:
Acceso en línea:Full text available from Research Library: 05/01/2017 to 1 year ago

MARC

LEADER 00000nas a2200000 a 4500
001 ssj0008156
003 WaSeSS
005 20200512172242.0
006 m d
007 cr n
008 080919c19389999ie fr p s bo 0 0eng c
010 |a  2008235314 
016 7 |a 990505936  |2 DE-101 
016 7 |a 2452352-5  |2 DE-600 
016 7 |a 100968389  |2 DNLM 
022 |y 0021-1214 
035 |a (WaSeSS)ssj0008156 
040 |a EYM  |b eng  |c EYM  |d HLS  |d HEBIS  |d OCLCE  |d GWDNB  |d UX0  |d OCLCQ  |d GBVCP  |d OCLCQ  |d OCLCF  |d OCLCQ  |d DEBBG  |d VT2  |d CEF  |d SFB  |d WaSeSS 
042 |a pcc 
043 |a e-ie--- 
050 1 4 |a DA900  |b .I63 
245 0 0 |a Irish historical studies  |h [electronic resource] :  |b joint journal of the Irish Historical Society and the Ulster Society for Irish Historical Studies. 
260 |a Dublin :  |b Hodges, Figgis & Co.,  |c 1938- 
310 |a Semiannual 
362 1 |a Began with vol. 1, no. 1 (Mar. 1938). 
506 |a License restrictions may limit access. 
525 |a Supplement 1 (January 1968)- 
555 |a Indexes: Vols. 1 (1938)-15 (1967), in Supplement 1. 
588 |a Description based on: Vol. 1, no. 1 (Mar. 1938); title from cover (JSTOR, viewed Sept. 19, 2008). 
588 |a Latest issue consulted: Vol. 33, no. 130 (Nov. 2002) (JSTOR, viewed Sept. 19, 2008). 
651 0 |a Ireland  |x History  |v Bibliography. 
651 0 |a Ireland  |x History  |v Periodicals. 
651 0 |a Ireland  |x History  |v Bibliography  |v Periodicals. 
651 6 |a Irlande  |x Histoire  |v Périodiques. 
651 6 |a Irlande  |x Histoire  |v Bibliographie. 
651 7 |a Ireland.  |2 fast  |0 (OCoLC)fst01205427 
651 7 |a Ireland  |x History  |x Periodicals.  |2 fssh 
655 0 |a Electronic journals. 
710 2 |a Irish Historical Society. 
710 2 |a Ulster Society for Irish Historical Studies. 
776 0 8 |i Print version:  |t Irish Historical Studies  |x 0021-1214  |w (DLC)a 42004109  |w (OCoLC)1753943 
856 4 0 |z Full text available from Research Library: 05/01/2017 to 1 year ago  |u https://search.proquest.com/publication/2049833